00654 a2200169 4500003000500000005001700005040000900022082001000031100003100041245009700072260004300169300001600212505020000228538003100428650001400459651001100473Nust20170207153154.0 cNust a005.8 aNaureen, Ayesha ( MSIS-4) aA secure end -to- end public key architecture for wireless sensor networkscAyesha Naureen  bMCS (NUST)cFebruary, 2008aRawalpindi axii, 78, p. aIntroduction (page-1) Architecture definition (page-16) End-to-End Communication scenarios (page-25) Architecture implementation (page-41) Architecture evaluations (page-53) Conclusions (page-71) aAlmirah No. 70 Shelf No. 4 aPG Thesis aMSIS-4